[Event "I Trofeo Giorgio Porreca"]
[Site "Napoli ITA"]
[Date "2011.09.29"]
[Round "2"]
[White "Somma, Erminio"]
[Black "Petteruti, Antonio"]
[Result "1/2-1/2"]
[WhiteElo "1673"]
[BlackElo "1721"]
[PlyCount "120"]
[EventDate "2011.09.22"]

1. d4 d5 2. Nf3 Nf6 3. e3 e6 4. Bd3 c5 5. c3 c4 6. Bc2 Bd6 7. O-O O-O 8. Re1 b5
9. Nbd2 a5 10. a3 Nc6 11. e4 dxe4 12. Nxe4 Be7 13. Nxf6+ Bxf6 14. Be4 Bb7 15.
Bf4 Qb6 16. Bg5 Bd8 17. Bxd8 Nxd8 18. Bxb7 Qxb7 19. Ne5 Nc6 20. Qf3 Rac8 21.
Rad1 Qc7 22. Nxc6 Qxc6 23. Qxc6 Rxc6 24. d5 exd5 25. Rxd5 Rb6 26. Red1 g6 27.
Rd8 b4 28. Rxf8+ Kxf8 29. g3 bxa3 30. bxa3 Rb3 31. Rd8+ Ke7 32. Ra8 Rxa3 33.
Ra7+ Kf6 34. Ra6+ Kg7 35. h4 Rxc3 36. Rxa5 Rb3 37. Ra2 Rb7 38. Rc2 Rc7 39. Rc3
f5 40. f4 h6 41. Kf2 Kf6 42. Ke3 g5 43. hxg5+ hxg5 44. fxg5+ Kxg5 45. Kf3 Rc5
46. Ke3 Kg4 47. Kf2 Rc8 48. Kg2 f4 49. gxf4 Kxf4 50. Kf2 Ke4 51. Ke2 Kd4 52.
Kd2 Kc5 53. Kc2 Rh8 54. Rg3 Kb4 55. Rg2 Rh3 56. Re2 Rc3+ 57. Kb2 Rb3+ 58. Ka2
Kc3 59. Re3+ Kc2 60. Re2+ Kd3 1/2-1/2

[Event "I Trofeo Giorgio Porreca"]
[Site "Napoli ITA"]
[Date "2011.09.29"]
[Round "2"]
[White "Sgammato, Francesco"]
[Black "Miccoli, Livio"]
[Result "1-0"]
[WhiteElo "1698"]
[BlackElo "1670"]
[PlyCount "95"]
[EventDate "2011.09.22"]

1. c4 Nf6 2. Nc3 g6 3. Nf3 Bg7 4. g3 b6 5. Bg2 Bb7 6. d3 c5 7. O-O Qc7 8. Bf4
d6 9. Rc1 Nbd7 10. Qd2 O-O 11. e4 Rac8 12. Rfe1 a6 13. b3 Rfd8 14. Bg5 e6 15.
Qf4 Re8 16. Qh4 Rf8 17. Bh3 Nh5 18. g4 Nhf6 19. Bg2 Kh8 20. Re3 Ne8 21. Bh6 Ne5
22. Nxe5 dxe5 23. Rh3 f5 24. Na4 Bf6 25. g5 Bg7 26. Nxb6 Rb8 27. Na4 Rf7 28.
Nc3 Nd6 29. Qg3 f4 30. Qg4 Qd7 31. Na4 Qc6 32. Bxg7+ Kxg7 33. Qxe6 Re8 34. Qd5
Qd7 35. Qxc5 f3 36. Rxf3 Ref8 37. Qxe5+ Kg8 38. Rxf7 Nxf7 39. Qg3 Qd4 40. h4
Ne5 41. Qe3 Qd7 42. Nc5 Qg4 43. Qg3 Qe2 44. Nxb7 Nxd3 45. Rf1 Rxf2 46. Rxf2
Qd1+ 47. Bf1 Nf4 48. Qxf4 1-0

[Event "I Trofeo Giorgio Porreca"]
[Site "Napoli ITA"]
[Date "2011.10.06"]
[Round "3"]
[White "Rosato, Luciano"]
[Black "Ambrosio, Giuseppe"]
[Result "1/2-1/2"]
[WhiteElo "2251"]
[BlackElo "2059"]
[PlyCount "72"]
[EventDate "2011.09.22"]

1. d4 Nf6 2. Nf3 e6 3. e3 c5 4. Bd3 Nc6 5. c3 d5 6. O-O Bd6 7. Nbd2 O-O 8. dxc5
Bxc5 9. e4 e5 10. exd5 Qxd5 11. Bc4 Qd8 12. b4 Bd6 13. Ng5 Bg4 14. Qb3 Bh5 15.
Nde4 Nxe4 16. Nxe4 Be7 17. Be3 Rc8 18. f3 Qc7 19. Bd5 b6 20. a4 Kh8 21. a5 bxa5
22. b5 Nb8 23. b6 axb6 24. Bxb6 Qd7 25. Rxa5 Nc6 26. Qb5 f5 27. Ng3 Be8 28.
Raa1 Rb8 29. Rab1 Rxb6 30. Qxb6 Qxd5 31. Kh1 Qc5 32. Qc7 Bd6 33. Qc8 Bg6 34.
Qd7 Rb8 35. Qe6 Re8 36. Qd7 Rd8 1/2-1/2

[Event "I Trofeo Giorgio Porreca"]
[Site "Napoli ITA"]
[Date "2011.10.06"]
[Round "3"]
[White "Capone, Vincenzo"]
[Black "Ceglio, Fulvio"]
[Result "1/2-1/2"]
[WhiteElo "2176"]
[BlackElo "2040"]
[PlyCount "83"]
[EventDate "2011.09.22"]

1. d4 e6 2. c4 Nf6 3. g3 d5 4. Bg2 Be7 5. Nf3 O-O 6. O-O dxc4 7. Qa4 Bd7 8.
Qxc4 Bc6 9. Nc3 a5 10. Qd3 Nbd7 11. Rd1 Re8 12. Qc2 Bxf3 13. Bxf3 c6 14. e4 Bf8
15. Be3 h6 16. Be2 Nb6 17. f4 Rc8 18. Rac1 Na8 19. Bf3 Nc7 20. Qf2 Qe7 21. g4
Rcd8 22. h4 Nh7 23. g5 g6 24. h5 hxg5 25. hxg6 fxg6 26. Qh2 Bg7 27. Ne2 Rf8 28.
Qg3 Rf7 29. fxg5 Rdf8 30. Bg2 Nb5 31. a4 Nc7 32. Nc3 Rd8 33. Rc2 Ne8 34. e5 Nc7
35. Be4 Nf8 36. Bd3 Nd5 37. Rh2 Qb4 38. Nxd5 Rxd5 39. Qh3 Rxd4 40. Bxd4 Qxd4+
41. Kh1 Bxe5 42. Be2 1/2-1/2

[Event "I Trofeo Giorgio Porreca"]
[Site "Napoli ITA"]
[Date "2011.10.06"]
[Round "3"]
[White "Buiano, Fabio"]
[Black "Zinnai, Graziano Matteo"]
[Result "0-1"]
[WhiteElo "2036"]
[BlackElo "1907"]
[PlyCount "68"]
[EventDate "2011.09.22"]

1. e4 c6 2. d4 d5 3. exd5 cxd5 4. Bd3 Nc6 5. c3 Nf6 6. Bf4 Bg4 7. Qb3 Qd7 8.
Nd2 e6 9. Ngf3 Bd6 10. Bxd6 Qxd6 11. O-O O-O 12. Rae1 Nd7 13. Qd1 h6 14. h3 Bh5
15. g4 Bg6 16. Bxg6 fxg6 17. Qe2 Rae8 18. Ne5 Ndxe5 19. dxe5 Qe7 20. Qe3 h5 21.
Kg2 g5 22. f4 gxf4 23. Rxf4 Rxf4 24. Qxf4 Rf8 25. Qe3 hxg4 26. hxg4 Qh4 27. Qg3
Qg5 28. Nf3 Qg6 29. Re3 Qb1 30. Qf2 Qxa2 31. Qc2 Qc4 32. Qg6 d4 33. Qe4 Nxe5
34. Qxd4 Nxg4 0-1

[Event "I Trofeo Giorgio Porreca"]
[Site "Napoli ITA"]
[Date "2011.10.06"]
[Round "3"]
[White "Schiappoli, Dario"]
[Black "Esposito, Luca"]
[Result "1-0"]
[WhiteElo "1929"]
[BlackElo "2235"]
[PlyCount "71"]
[EventDate "2011.09.22"]

1. e4 c5 2. Nf3 e6 3. d4 cxd4 4. Nxd4 Nc6 5. Nc3 Qc7 6. Ndb5 Qb8 7. Be3 a6 8.
Bb6 axb5 9. Nxb5 Bb4+ 10. c3 Ba5 11. Nc7+ Qxc7 12. Bxc7 Bxc7 13. Qg4 g6 14. Bc4
Nge7 15. Qe2 O-O 16. O-O d5 17. Bb5 dxe4 18. Qxe4 e5 19. Rfd1 h5 20. a4 Bf5 21.
Qe3 e4 22. Bxc6 Nxc6 23. Qc5 Rae8 24. b4 Bb8 25. b5 Ne5 26. Rd5 e3 27. fxe3 Ng4
28. Rxf5 Bxh2+ 29. Kh1 gxf5 30. Qxf5 Re5 31. Qf3 Rxe3 32. Qf5 Re5 33. Qf3 Rfe8
34. Rf1 Re1 35. Qxf7+ Kh8 36. Qxh5+ 1-0

[Event "I Trofeo Giorgio Porreca"]
[Site "Napoli ITA"]
[Date "2011.10.06"]
[Round "3"]
[White "Condorelli, Pietro"]
[Black "Grasso, Nino"]
[Result "1/2-1/2"]
[WhiteElo "1785"]
[BlackElo "2003"]
[PlyCount "43"]
[EventDate "2011.09.22"]

1. e4 e5 2. Nf3 Nc6 3. Bc4 Nf6 4. d3 Bc5 5. c3 a6 6. Bb3 Ba7 7. Nbd2 d6 8. Nf1
O-O 9. Ng3 Ne7 10. Bg5 Ng6 11. Qd2 Be6 12. Nh5 Nf4 13. Nxf6+ gxf6 14. Bxf4 exf4
15. Qxf4 Qe7 16. Bc2 Kh8 17. d4 Rg8 18. g3 c5 19. O-O Rg4 20. Qh6 Rg6 21. Qh4
Rg4 22. Qh6 1/2-1/2

[Event "I Trofeo Giorgio Porreca"]
[Site "Napoli ITA"]
[Date "2011.10.06"]
[Round "3"]
[White "Capozzoli, Silvio"]
[Black "De Rosa, Mariagrazia"]
[Result "0-1"]
[WhiteElo "1904"]
[BlackElo "2131"]
[PlyCount "75"]
[EventDate "2011.09.22"]

1. e4 b6 2. d4 Bb7 3. Nc3 e6 4. Bd3 Nf6 5. a3 c5 6. Nf3 d6 7. O-O Be7 8. Re1
cxd4 9. Nxd4 O-O 10. Qe2 a6 11. Be3 Nbd7 12. Nb3 Qc7 13. f3 Nc5 14. Qf2 Nfd7
15. Rac1 Ne5 16. Nxc5 bxc5 17. Qg3 Ng6 18. Red1 Bh4 19. Qh3 Bf6 20. Bd2 Rab8
21. f4 c4 22. e5 dxe5 23. f5 Nf4 24. Bxf4 exf4 25. Ne4 Bd4+ 26. Kh1 cxd3 27.
cxd3 Qe5 28. f6 Bxe4 29. fxg7 Rfc8 30. Rxc8+ Rxc8 31. dxe4 Qxe4 32. Qh4 Rc2 33.
Qg5 f3 34. Qd8+ Kxg7 35. Qg5+ Qg6 36. Qxg6+ hxg6 37. gxf3 Bxb2 38. Rd6 0-1

[Event "I Trofeo Giorgio Porreca"]
[Site "Napoli ITA"]
[Date "2011.10.06"]
[Round "3"]
[White "De Rosa, Francesco"]
[Black "Esposito, Rosario"]
[Result "1-0"]
[WhiteElo "1968"]
[BlackElo "1859"]
[PlyCount "95"]
[EventDate "2011.09.22"]

1. e4 c5 2. Nf3 e6 3. d4 cxd4 4. Nxd4 Nc6 5. Nc3 Qc7 6. Be3 a6 7. Bd3 Bb4 8.
O-O Ne5 9. f4 Nxd3 10. cxd3 Ne7 11. Na4 b5 12. Rc1 Qa7 13. a3 Bd6 14. Nf5 Qb8
15. Nxd6+ Qxd6 16. e5 Qb8 17. Nb6 O-O 18. Bc5 Re8 19. Nxa8 Qxa8 20. Bxe7 Rxe7
21. Rc7 Bb7 22. Qc2 Bc6 23. Qc5 Re8 24. Ra7 Qc8 25. Rc1 a5 26. Rxa5 Qd8 27. b4
Qh4 28. Qe3 Qg4 29. g3 Qh3 30. Qf2 Qf5 31. Rxc6 dxc6 32. Qf3 Rd8 33. Kf2 h5 34.
Ke2 Qh3 35. Ke3 Qxh2 36. Ra6 Qg1+ 37. Kd2 Qd4 38. Kc2 Qa1 39. Qxc6 Qa2+ 40. Kc3
Qa1+ 41. Kd2 Qb2+ 42. Qc2 Qd4 43. Rd6 Qf2+ 44. Kc1 Qe1+ 45. Kb2 Rxd6 46. exd6
Qxg3 47. d7 Qh4 48. Qc8+ 1-0

[Event "I Trofeo Giorgio Porreca"]
[Site "Napoli ITA"]
[Date "2011.10.06"]
[Round "3"]
[White "Cosenza, Gianni"]
[Black "Caiazzo, Diego"]
[Result "1/2-1/2"]
[WhiteElo "1952"]
[BlackElo "1856"]
[PlyCount "123"]
[EventDate "2011.09.22"]

1. e4 e6 2. d4 d5 3. Nd2 dxe4 4. Nxe4 Nd7 5. Nf3 Ngf6 6. Bg5 Be7 7. Nxf6+ Nxf6
8. Bd3 O-O 9. Qd2 c5 10. dxc5 Bxc5 11. O-O-O Be7 12. h4 a5 13. Qf4 Qb6 14. h5
Nd5 15. Qe4 f5 16. Qc4 Bxg5+ 17. Nxg5 Qxf2 18. Rde1 Qf4+ 19. Qxf4 Nxf4 20. Bc4
Nxg2 21. Re2 Nf4 22. Rf2 Nd5 23. Re1 Nc7 24. Nxe6 Bxe6 25. Bxe6+ Nxe6 26. Rxe6
Rf7 27. Rf4 Raf8 28. c4 Rf6 29. Re5 b6 30. Kc2 g5 31. hxg6 hxg6 32. Kd3 Rd8+
33. Ke3 Rd1 34. Re8+ Rf8 35. Rxf8+ Kxf8 36. Rf1 Rd6 37. b3 Kf7 38. Kf4 Kf6 39.
Rf2 Rd4+ 40. Ke3 Re4+ 41. Kf3 g5 42. Rd2 g4+ 43. Kg3 Re3+ 44. Kf2 f4 45. Rd6+
Re6 46. Rd5 Ke7 47. Rg5 g3+ 48. Kf3 Rf6 49. a3 Kf7 50. Rg4 Rf5 51. b4 axb4 52.
axb4 Kf6 53. c5 bxc5 54. bxc5 Ke5 55. c6 Kd6 56. Rg6+ Kc7 57. Rh6 Rf8 58. Rg6
Rf7 59. Rh6 Rg7 60. Rh1 Kxc6 61. Kxf4 Kd5 62. Rg1 1/2-1/2

[Event "I Trofeo Giorgio Porreca"]
[Site "Napoli ITA"]
[Date "2011.10.06"]
[Round "3"]
[White "Sciaudone, Francesco"]
[Black "Donadio, Andrea"]
[Result "0-1"]
[WhiteElo "1825"]
[BlackElo "1872"]
[PlyCount "80"]
[EventDate "2011.09.22"]

1. e4 e6 2. Nf3 d5 3. exd5 exd5 4. d4 Bd6 5. Nc3 c6 6. Bd3 Ne7 7. O-O O-O 8.
Re1 Bf5 9. Bxf5 Nxf5 10. Qd3 Nh4 11. Ng5 Ng6 12. Be3 Qc7 13. Nf3 Nd7 14. a4
Rae8 15. Na2 Nf6 16. h3 Nh5 17. b4 Nhf4 18. Qd2 Re4 19. Rab1 h6 20. Nc3 Re6 21.
b5 Rfe8 22. bxc6 bxc6 23. Rb3 Qe7 24. Reb1 Qf6 25. Ne1 Qg5 26. Kf1 Qf5 27. Rb7
Nxh3 28. gxh3 Rxe3 29. Kg1 Qg5+ 30. Kf1 Qf4 31. Ng2 Re1+ 32. Rxe1 Qxd2 33.
Rxe8+ Kh7 34. Ne2 a5 35. Rxf7 Bb4 36. Ngf4 Nh4 37. Kg1 Qe1+ 38. Kh2 Qxf2+ 39.
Kh1 Nf3 40. Ng2 Qf1+ 0-1

[Event "I Trofeo Giorgio Porreca"]
[Site "Napoli ITA"]
[Date "2011.10.06"]
[Round "3"]
[White "Avolio, Giovanni"]
[Black "Sgammato, Francesco"]
[Result "1-0"]
[WhiteElo "1879"]
[BlackElo "1698"]
[PlyCount "109"]
[EventDate "2011.09.22"]

1. c4 e5 2. Nc3 Nf6 3. g3 Bb4 4. Bg2 Bxc3 5. bxc3 Nc6 6. Nf3 d6 7. O-O O-O 8.
d3 h6 9. Bd2 Be6 10. e4 Qd7 11. Re1 Bh3 12. Bh1 Ng4 13. Nh4 Ne7 14. f3 Nf6 15.
f4 exf4 16. gxf4 Qg4+ 17. Qxg4 Nxg4 18. Re2 Rab8 19. Rb1 b6 20. Nf3 f5 21. Nd4
Rf6 22. Bg2 Bxg2 23. Rxg2 h5 24. h3 Nh6 25. Kh2 Rg6 26. Rbg1 Rxg2+ 27. Rxg2 Kf7
28. e5 a6 29. exd6 cxd6 30. Be3 d5 31. Nf3 dxc4 32. dxc4 g6 33. Ne5+ Kg7 34.
Bd4 Kh7 35. Nd7 Rb7 36. Nf8+ Kg8 37. Nxg6 Kf7 38. Ne5+ Ke8 39. Rg7 Nhg8 40. Ng6
b5 41. cxb5 axb5 42. Nxe7 Nxe7 43. Bf6 Rd7 44. Rxe7+ Rxe7 45. Bxe7 Kxe7 46. Kg3
Kf6 47. Kh4 Kg6 48. a3 Kh6 49. Kg3 Kg6 50. Kf3 Kf6 51. Ke3 Ke6 52. Kd4 Kd6 53.
c4 bxc4 54. Kxc4 Kc6 55. a4 1-0

[Event "I Trofeo Giorgio Porreca"]
[Site "Napoli ITA"]
[Date "2011.10.06"]
[Round "3"]
[White "Solombrino, Giovanni"]
[Black "Somma, Erminio"]
[Result "1/2-1/2"]
[WhiteElo "1850"]
[BlackElo "1673"]
[PlyCount "57"]
[EventDate "2011.09.22"]

1. e4 d5 2. exd5 Qxd5 3. Nc3 Qa5 4. d4 Nf6 5. Bd2 c6 6. Bc4 Qb6 7. Bc1 Bf5 8.
Nge2 e6 9. O-O Bd6 10. Ng3 Bg6 11. Bb3 Qc7 12. Nce2 O-O 13. Bg5 Nbd7 14. c4
Rfe8 15. c5 Be7 16. Bc2 Bxc2 17. Qxc2 Nd5 18. Bxe7 Rxe7 19. Nc3 N7f6 20. Nge4
Nxc3 21. Nxf6+ gxf6 22. Qxc3 Rae8 23. Qf3 f5 24. Rad1 Kh8 25. Rd3 Rd7 26. Qh5
Rg8 27. Qh6 Qd8 28. Rh3 Rg7 29. Rb3 1/2-1/2

[Event "I Trofeo Giorgio Porreca"]
[Site "Napoli ITA"]
[Date "2011.10.06"]
[Round "3"]
[White "Esposito, Pino"]
[Black "Caporali, Dante"]
[Result "1-0"]
[WhiteElo "1842"]
[BlackElo "1577"]
[PlyCount "129"]
[EventDate "2011.09.22"]

1. e4 e6 2. d4 d5 3. Nd2 Nf6 4. e5 Nfd7 5. Bd3 c5 6. c3 Nc6 7. Ne2 Qb6 8. Nf3
cxd4 9. cxd4 f6 10. exf6 Nxf6 11. a3 Bd6 12. O-O O-O 13. b4 a6 14. Bf4 Bxf4 15.
Nxf4 Bd7 16. Ne2 Rae8 17. Nc3 Na7 18. Qd2 Bb5 19. Nxb5 Nxb5 20. Rfe1 Nd6 21.
Rac1 Nde4 22. Qc2 Qd6 23. Qc7 Re7 24. Qxd6 Nxd6 25. Ng5 Rfe8 26. f4 g6 27. Re2
Nf5 28. Nf3 Kg7 29. Rce1 h6 30. b5 a5 31. b6 Nd6 32. Rc1 Rc8 33. Rec2 Rxc2 34.
Rxc2 Nfe4 35. Ne5 g5 36. fxg5 hxg5 37. g4 Kf6 38. Rc7 Rxc7 39. bxc7 Ke7 40. Bb5
Nf6 41. Nf3 Nfe4 42. h4 gxh4 43. Ne5 Nc8 44. Bd7 Ned6 45. g5 b5 46. Kg2 b4 47.
axb4 axb4 48. Bxc8 Nxc8 49. Nc6+ Kf7 50. Ne5+ Kg7 51. Kh3 b3 52. Nd3 Kg6 53.
Kxh4 Nd6 54. Kg4 Nc8 55. Kf4 Kf7 56. Ke5 Ke7 57. g6 Kd7 58. Nc5+ Kxc7 59. Nxb3
Kd7 60. Nc5+ Ke7 61. Nxe6 Nb6 62. Nf4 Kf8 63. Nxd5 Nc4+ 64. Kf6 Nd6 65. g7+ 1-0

[Event "I Trofeo Giorgio Porreca"]
[Site "Napoli ITA"]
[Date "2011.10.06"]
[Round "3"]
[White "De Meo, Guido"]
[Black "Sparice, Lorenzo"]
[Result "1-0"]
[WhiteElo "1823"]
[BlackElo "1374"]
[PlyCount "29"]
[EventDate "2011.09.22"]

1. d4 Nf6 2. g3 e6 3. Bg2 c5 4. Nf3 Nc6 5. O-O cxd4 6. Nxd4 Bc5 7. c3 a6 8. Bg5
b6 9. Nxc6 Qc7 10. Bf4 d6 11. b4 Bb7 12. bxc5 bxc5 13. Bxd6 Qd7 14. Na5 Qc8 15.
Qa4+ 1-0

[Event "I Trofeo Giorgio Porreca"]
[Site "Napoli ITA"]
[Date "2011.10.06"]
[Round "3"]
[White "D'Errico, Francesco"]
[Black "Somma, Andrea"]
[Result "1-0"]
[WhiteElo "1788"]
[BlackElo "1781"]
[PlyCount "156"]
[EventDate "2011.09.22"]

1. d4 d5 2. Bf4 Nf6 3. e3 Bf5 4. c4 c6 5. Qb3 Qb6 6. c5 Qxb3 7. axb3 Nbd7 8.
Nc3 e6 9. Be2 Be7 10. h3 Ne4 11. Nf3 g5 12. Bh2 h5 13. b4 g4 14. hxg4 hxg4 15.
Nd2 Ndf6 16. Ncxe4 Nxe4 17. Nxe4 Bxe4 18. f3 Bxf3 19. gxf3 g3 20. Kd2 g2 21.
Rhg1 Rxh2 22. Bd3 Bh4 23. Ke2 Kd7 24. f4 Rg8 25. Rxa7 Rh1 26. Raa1 Rh3 27. Ra3
Rgg3 28. Bc2 Rh1 29. Raa1 Rgh3 30. Bd3 Bg3 31. Rab1 R1h2 32. b5 Bh4 33. Ra1 Rg3
34. Ra3 f5 35. b6 Rg7 36. Ra7 Ke8 37. Ra8+ Kf7 38. Ra7 Kg6 39. b4 Kh5 40. b5
cxb5 41. c6 Rh1 42. Raa1 bxc6 43. Rxh1 gxh1=Q 44. Rxh1 Rb7 45. Kd2 Rxb6 46.
Be2+ Kg6 47. Rxh4 Ra6 48. Bh5+ Kf6 49. Rh3 b4 50. Kc2 Ra3 51. Be2 Ra2+ 52. Kd3
b3 53. Rh1 b2 54. Rb1 Ra3+ 55. Kd2 Rb3 56. Bd3 Rb8 57. Kc3 Rc8 58. Rxb2 c5 59.
dxc5 Rxc5+ 60. Kd4 Ra5 61. Bb5 Ra1 62. Rb3 Ra8 63. Kc5 e5 64. Kxd5 exf4 65.
exf4 Rd8+ 66. Kc6 Rd4 67. Rf3 Kg6 68. Kc5 Rd8 69. Rg3+ Kf6 70. Bc4 Rd2 71. Rf3
Rd8 72. Bd5 Kg6 73. Kd4 Rh8 74. Ke5 Re8+ 75. Be6 Kh5 76. Kxf5 Kh6 77. Rh3+ Kg7
78. Rg3+ Kh8 1-0

[Event "I Trofeo Giorgio Porreca"]
[Site "Napoli ITA"]
[Date "2011.10.06"]
[Round "3"]
[White "Accardo, Francesco"]
[Black "Petteruti, Antonio"]
[Result "1-0"]
[WhiteElo "1855"]
[BlackElo "1721"]
[PlyCount "60"]
[EventDate "2011.09.22"]

1. g4 d5 2. Bg2 e5 3. h3 Bc5 4. d3 Qf6 5. e3 c6 6. h4 Be6 7. Bd2 Qe7 8. c3 Qd7
9. b4 Bd6 10. Bf3 Nf6 11. g5 Ng4 12. c4 e4 13. dxe4 dxe4 14. Bxe4 Bxc4 15. Qc2
Ne5 16. Bc3 h6 17. Nd2 Be6 18. O-O-O hxg5 19. h5 Na6 20. Ne2 O-O-O 21. Nd4 Bg4
22. f3 Bxh5 23. Bf5 g6 24. Bxd7+ Nxd7 25. Ne4 Be7 26. b5 cxb5 27. Nxb5 Bxf3 28.
Rxh8 Bxd1 29. Rxd8+ Bxd8 30. Kxd1 Nac5 1-0

[Event "I Trofeo Giorgio Porreca"]
[Site "Napoli ITA"]
[Date "2011.10.06"]
[Round "3"]
[White "Parise, Mariano"]
[Black "Di Gennaro, Antonio"]
[Result "0-1"]
[WhiteElo "1709"]
[BlackElo "1674"]
[PlyCount "24"]
[EventDate "2011.09.22"]

1. e4 c5 2. Nf3 d6 3. Bc4 Nf6 4. Nc3 a6 5. a4 e6 6. Qe2 Be7 7. d3 O-O 8. O-O
Nc6 9. Be3 d5 10. e5 Nd7 11. Nxd5 exd5 12. Bxd5 Ndxe5 0-1

[Event "I Trofeo Giorgio Porreca"]
[Site "Napoli ITA"]
[Date "2011.10.13"]
[Round "4"]
[White "Zinnai, Graziano Matteo"]
[Black "Rosato, Luciano"]
[Result "0-1"]
[WhiteElo "1907"]
[BlackElo "2251"]
[PlyCount "102"]
[EventDate "2011.09.22"]

1. e4 d6 2. d4 g6 3. Nf3 Bg7 4. c3 Nf6 5. Qc2 O-O 6. Be2 Nc6 7. b4 a6 8. a4 e5
9. dxe5 Nxe5 10. Nxe5 dxe5 11. O-O Be6 12. Nd2 Bh6 13. Nc4 Bxc1 14. Raxc1 Bxc4
15. Bxc4 Nh5 16. g3 Qg5 17. h4 Qe7 18. Kg2 Kg7 19. Be2 Nf6 20. h5 g5 21. Qd3 h6
22. Qf3 Qe6 23. Qf5 Qxf5 24. exf5 a5 25. b5 Rad8 26. Rfd1 b6 27. c4 Ne4 28. Rd5
Rxd5 29. cxd5 Nc5 30. Rc4 Kf6 31. g4 e4 32. f3 Re8 33. Kg3 Re5 34. Rd4 exf3 35.
Bxf3 Ke7 36. Kf2 Kd6 37. Kg3 Re3 38. Kf2 Ra3 39. Bd1 Ke5 40. Rc4 Kxd5 41. Rc2
Kd4 42. Re2 Ne4+ 43. Kg2 Rg3+ 44. Kh2 Rd3 45. Bc2 Rd2 46. Rxd2+ Nxd2 47. Kg2
Ke3 48. Kg3 f6 49. Bd1 Ne4+ 50. Kg2 Nc5 51. Kg3 Kd2 0-1

[Event "I Trofeo Giorgio Porreca"]
[Site "Napoli ITA"]
[Date "2011.10.13"]
[Round "4"]
[White "Ambrosio, Giuseppe"]
[Black "Capone, Vincenzo"]
[Result "0-1"]
[WhiteElo "2059"]
[BlackElo "2176"]
[PlyCount "60"]
[EventDate "2011.09.22"]

1. d4 Nf6 2. Bg5 Ne4 3. Bf4 c5 4. d5 Qb6 5. Nd2 Nxd2 6. Bxd2 e5 7. e4 d6 8. Bd3
Be7 9. Ne2 Nd7 10. O-O Nf6 11. c4 Bd7 12. b4 cxb4 13. Rb1 Qc7 14. Rxb4 b6 15.
Qb3 O-O 16. a4 Rfb8 17. Rb1 a5 18. Rxb6 Rxb6 19. Qxb6 Qxb6 20. Rxb6 Bxa4 21. f4
Nd7 22. Rb7 Bf6 23. Bb1 exf4 24. Bxf4 Ne5 25. Nc3 Be8 26. Nb5 g5 27. Bg3 Bxb5
28. cxb5 Rc8 29. Bxe5 Bxe5 30. Bd3 Rc3 0-1

[Event "I Trofeo Giorgio Porreca"]
[Site "Napoli ITA"]
[Date "2011.10.13"]
[Round "4"]
[White "Ceglio, Fulvio"]
[Black "Condorelli, Pietro"]
[Result "1-0"]
[WhiteElo "2040"]
[BlackElo "1785"]
[PlyCount "85"]
[EventDate "2011.09.22"]

1. d4 Nf6 2. c4 e6 3. Nc3 d5 4. cxd5 exd5 5. Bg5 Bb4 6. Nf3 O-O 7. Qc2 Qd6 8.
e3 Ne4 9. Bf4 Bxc3+ 10. bxc3 Qc6 11. Rc1 f6 12. Bd3 Bf5 13. Nh4 Be6 14. Nf3 Na6
15. O-O Rac8 16. Rfd1 g5 17. Bg3 Bg4 18. Qb3 Nxg3 19. hxg3 Kh8 20. Rb1 Rb8 21.
Rdc1 Qd6 22. Qc2 Rf7 23. Rb2 Bc8 24. Qa4 c6 25. Qc2 Nc7 26. c4 Bg4 27. c5 Qe7
28. Re1 Bxf3 29. gxf3 Ne6 30. Reb1 Nf8 31. Rb4 Rg7 32. Qb3 Qf7 33. Ba6 h5 34.
Rxb7 Rxb7 35. Qxb7 Qe6 36. Qc8 Qg8 37. Qxc6 h4 38. Rb8 hxg3 39. fxg3 Kh7 40.
Qxf6 Rg6 41. Bd3 Nd7 42. Bxg6+ Qxg6 43. Rh8# 1-0

[Event "I Trofeo Giorgio Porreca"]
[Site "Napoli ITA"]
[Date "2011.10.13"]
[Round "4"]
[White "Donadio, Andrea"]
[Black "Seletsky, Grigory"]
[Result "0-1"]
[WhiteElo "1872"]
[BlackElo "2280"]
[PlyCount "58"]
[EventDate "2011.09.22"]

1. Nf3 Nf6 2. d4 d6 3. Bf4 g6 4. h3 Bg7 5. e3 O-O 6. Be2 Nc6 7. O-O Nd7 8. Nbd2
e5 9. dxe5 dxe5 10. Bg3 f5 11. Bc4+ Kh8 12. a3 e4 13. Bh4 Qe8 14. Ng5 Nde5 15.
Ba2 h6 16. Ngxe4 fxe4 17. Nxe4 Bxh3 18. f4 Bg4 19. Qd5 Nd7 20. Rad1 Nb6 21. Qd3
Bf5 22. g4 Bxe4 23. Qe2 g5 24. Bxg5 hxg5 25. Rf2 Bh6 26. Rh2 Kg7 27. f5 Ne5 28.
Rh3 Qe7 29. Rf1 Rf6 0-1

[Event "I Trofeo Giorgio Porreca"]
[Site "Napoli ITA"]
[Date "2011.10.13"]
[Round "4"]
[White "Caiazzo, Diego"]
[Black "Messina, Enrico"]
[Result "0-1"]
[WhiteElo "1856"]
[BlackElo "2125"]
[PlyCount "80"]
[EventDate "2011.09.22"]

1. c4 e5 2. Nc3 Nc6 3. g3 g6 4. Bg2 Bg7 5. Nf3 f5 6. d3 Nf6 7. O-O O-O 8. Bd2
d6 9. Rb1 h6 10. b4 a6 11. a4 g5 12. e3 Be6 13. b5 axb5 14. axb5 Ne7 15. Qe2
Ng6 16. Rfc1 Qd7 17. Ra1 Rxa1 18. Rxa1 Qf7 19. Ra4 Nd7 20. Ne1 Nb6 21. Ra7 e4
22. Rxb7 exd3 23. Qxd3 Bxc4 24. Qb1 f4 25. exf4 gxf4 26. Nf3 fxg3 27. hxg3 Nd5
28. Ne4 Qf5 29. Nd4 Bxd4 30. Bxh6 Bxf2+ 31. Kh2 Qh5+ 32. Bh3 Qxh6 33. Qc2 Ne3
34. Qb1 d5 35. Ng5 Qxg5 36. Be6+ Kh8 37. Qb2+ Qe5 38. Qxe5+ Nxe5 39. Rxc7 Nf3+
40. Kh1 Bg1 0-1

[Event "I Trofeo Giorgio Porreca"]
[Site "Napoli ITA"]
[Date "2011.10.13"]
[Round "4"]
[White "D'Errico, Francesco"]
[Black "Schiappoli, Dario"]
[Result "1/2-1/2"]
[WhiteElo "1788"]
[BlackElo "1929"]
[PlyCount "34"]
[EventDate "2011.09.22"]

1. d4 Nf6 2. Nf3 c5 3. c3 b6 4. Bf4 Bb7 5. e3 g6 6. h3 Bg7 7. Be2 O-O 8. Nbd2
d6 9. O-O Nbd7 10. Bh2 Re8 11. a4 e5 12. Nc4 Bxf3 13. Bxf3 e4 14. Be2 d5 15.
Nd6 Re7 16. Nb7 Qc8 17. Nd6 Qd8 1/2-1/2

[Event "I Trofeo Giorgio Porreca"]
[Site "Napoli ITA"]
[Date "2011.10.13"]
[Round "4"]
[White "De Meo, Guido"]
[Black "Avolio, Giovanni"]
[Result "0-1"]
[WhiteElo "1823"]
[BlackElo "1879"]
[PlyCount "87"]
[EventDate "2011.09.22"]

1. d4 Nf6 2. Nf3 g6 3. g3 Bg7 4. Bg2 d6 5. O-O O-O 6. c4 Nbd7 7. Bg5 h6 8. Bf4
c5 9. dxc5 Nxc5 10. Qc1 Kh7 11. Nc3 Bd7 12. Rd1 Rc8 13. Be3 b6 14. Nd4 Ng4 15.
Bd5 Ne6 16. Nf3 Nxe3 17. Qxe3 Qc7 18. Rac1 Qc5 19. Qd3 Nc7 20. Nd4 Qxd4 21.
Qxd4 Bxd4 22. Rxd4 Be6 23. Bf3 Rfd8 24. b3 Kg7 25. e4 f6 26. Rcd1 Kf7 27. Bg2
Ke8 28. f4 Bg4 29. R1d2 Ne6 30. Rd5 Nc5 31. h3 Be6 32. R5d4 Nd7 33. g4 f5 34.
exf5 gxf5 35. Re2 Kf7 36. g5 hxg5 37. fxg5 Ne5 38. Nd5 Bxd5 39. Bxd5+ e6 40.
Bg2 Ke7 41. Bh1 Rh8 42. Bg2 Rhg8 43. h4 Ng4 44. Red2 {...} 0-1

[Event "I Trofeo Giorgio Porreca"]
[Site "Napoli ITA"]
[Date "2011.10.13"]
[Round "4"]
[White "Gallo, Thomas Renato"]
[Black "Esposito, Rosario"]
[Result "1-0"]
[WhiteElo "1887"]
[BlackElo "1859"]
[PlyCount "105"]
[EventDate "2011.09.22"]

1. d4 Nf6 2. Nf3 g6 3. Bf4 Bg7 4. e3 b6 5. Nbd2 Bb7 6. h3 O-O 7. Be2 d6 8. O-O
Nbd7 9. a4 c5 10. c3 Qc7 11. Bh2 Rfc8 12. Qb3 cxd4 13. exd4 Bd5 14. c4 Bb7 15.
Qe3 Qd8 16. Rac1 Qf8 17. Rfe1 d5 18. b4 dxc4 19. Bxc4 e6 20. Qb3 Nd5 21. Ne4
Qxb4 22. Bxd5 Qxb3 23. Bxb3 Rxc1 24. Rxc1 Bxe4 25. Rc7 Bxf3 26. Rxd7 Be2 27. f3
b5 28. a5 Bc4 29. Bxc4 bxc4 30. Kf1 c3 31. Ke2 Bf8 32. Kd3 Rc8 33. Kc2 Bg7 34.
Bg1 a6 35. Rd6 Bh6 36. Rxa6 Bd2 37. Bh2 Rc4 38. Be5 f5 39. Rxe6 Ra4 40. a6 Ra2+
41. Kd3 Be1 42. Rc6 c2 43. Bf4 Bf2 44. d5 Bh4 45. d6 Bd8 46. d7 Kf7 47. Rc8 Ke7
48. Bg5+ Kxd7 49. Rxd8+ Kc7 50. Ra8 Kb6 51. Be3+ Kb5 52. a7 Ra3+ 53. Kxc2 1-0